[Event "Caplin British Online-ch Open 2020"]
[Site "Online"]
[Date "2020.12.23"]
[Round "3.6"]
[White "Villiers, Thomas"]
[Black "O`Gorman, Tom"]
[Result "1/2-1/2"]
[WhiteElo "2161"]
[BlackElo "2368"]
[Annotator "TA"]
[PlyCount "149"]
[EventDate "2020.12.21"]
[EventType "swiss"]
[EventCountry "NET"]
[SourceTitle "playchess.com"]
[Source "ChessBase"]
[SourceQuality "1"]

{[%evp 11,149,5,28,14,100,114,144,150,155,115,129,115,179,168,195,188,216,147,158,113,115,121,115,-45,-54,-54,-46,-51,80,-68,118,87,81,-37,-45,-43,-75,-141,0,-9,0,-218,-206,-403,-391,-947,-558,-584,-331,-388,-369,-370,-366,-358,-362,-847,-339,-346,-341,-647,-635,-758,-467,-608,-611,-589,-567,-677,-518,-951,-942,-943,-933,-883,-861,-2688,-2667,-5635,-1814,-5265,0,0,0,0,0,0,0,0,0,0,0,0,0,0,0,0,163,163,1190,101,157,87,88,0,309,304,707,82,82,0,0,0,0,0,0,0,0,0,0,0,0,0,0,0,0,0,0,0,0,0,0,0,0,0,0,0,0,0,0,0]} 1. d4 Nf6 2. Nf3 g6 3. Nbd2 {[%cal Bb1d2,Bd2c4,Bc4a5,Ba5c6][%mdl 32]} Bg7 4. e4 d6 5. Bd3 O-O 6. O-O Nc6 7. Nc4 {[#] B07: Pirc Defence: Miscellaneous Systems.} Nxe4 $146 ({Predecessor:} 7... Bg4 8. c3 e5 9. d5 Ne7 10. Ne3 Bc8 11. Nh4 Ne8 12. g3 Bh3 13. Re1 Qc8 14. Qc2 f5 15. exf5 gxf5 {½-½ (59) Neustupa,V-Szakall,F Prague 1964}) 8. d5 $16 (8. Bxe4 $6 d5 $11) 8... Nc5 9. dxc6 {White is clearly better.} bxc6 10. Re1 e5 11. Bf1 f5 (11... a5 $16 12. b3 e4) 12. Na5 $18 Qe8 13. Bc4+ Kh8 14. Be3 Ne4 15. Nxc6 f4 (15... Qxc6 $2 16. Bd5 $18) 16. Bc1 Nxf2 17. Kxf2 (17. Qd5 $16 Bb7 18. Bb5 (18. Kxf2 Bxc6 19. Qd1 Bb7 $15)) 17... Qxc6 $15 18. Qd5 Qb6+ {[%mdl 1024] Black has compensation.} 19. Kf1 Bd7 (19... Bb7 $15 20. Qb5 e4 21. Qxb6 axb6) 20. Bd2 ({White should play} 20. Ng5 $16 {Threatening mate with Qg8+!} Bf6 21. Nf7+ Kg7 22. Nxe5 $1 Bxe5 23. Rxe5 dxe5 24. Qxd7+ Kh8 25. Qe6 Qxe6 26. Bxe6) 20... a5 $2 (20... Bc6 $15 {stays ahead.} 21. Qd3 d5) 21. Bc3 Bc6 22. Qe6 (22. Qd3 $16) 22... Rae8 23. Qh3 Rf5 24. Qh4 (24. Rad1 $142) 24... e4 ({Better is} 24... Qc5 $1 $17 {[%cal Rc5c4]} 25. Bd3 e4 {[%mdl 64] Double Attack} 26. Bxg7+ Kxg7) 25. Ng5 $11 {[%csl Gg5][%cal Rh4h7]} ({Wrong is} 25. Bxg7+ $2 Kxg7 26. Ng5 h6 $17) 25... h5 $36 {[%mdl 2048] White is under pressure.} 26. Bxg7+ (26. Nxe4 $1 $11 d5 27. Nd2 (27. Bxg7+ Kxg7 28. Ng5 dxc4 $17)) 26... Kxg7 $19 27. Ne6+ $2 (27. b3 d5 28. Be2) 27... Kh6 28. Nxf4 $2 (28. Rad1 Bb5 29. Rxe4 Rxe6 30. Bxb5 Rxe4 31. Bd3) 28... Qxb2 29. Rad1 {White wants to play Kg1.} Qc3 30. Be2 {intending g3.} Ref8 {[%cal Be8f8,Bf8f5,Bf5g5][%mdl 32]} 31. g3 Be8 32. Qe7 g5 $1 {[%cal Rg5f4][%mdl 64] Pin} 33. Rd5 $2 (33. Qe6+ R5f6 {[%mdl 64] Pin} 34. Qc4 Qxc4 35. Bxc4) 33... gxf4 (33... Bg6 $142 34. Red1 gxf4) 34. Rxf5 Rxf5 35. g4 {[#]} (35. Qxe4 Bg6 36. g4) 35... Qe5 $1 36. Qxc7 (36. Qxe5 Rxe5) 36... Rg5 37. h4 Rg7 {[%cal Rg7c7]} 38. g5+ Kh7 39. Qd8 Bg6 40. Rb1 (40. Qf6 $142 f3 41. Qxe5 fxe2+ 42. Rxe2 dxe5 43. Ke1) 40... f3 {( -> ...Qg3)} 41. Rb8 fxe2+ 42. Kxe2 Bf7 43. Rc8 Rg8 44. Qd7 Rxc8 45. Qxf7+ Qg7 $2 (45... Kh8 $19 46. Qxh5+ Kg7) 46. Qf5+ $11 {[%mdl 64] Double Attack} Qg6 47. Qxc8 {[%mdl 4096] Endgame KQ-KQ} Qf7 48. Qc3 d5 49. Qxa5 (49. Ke3 {seems wilder.} Qf3+ 50. Kd4 Qf2+ 51. Kxd5 e3 52. Qc7+) 49... Qf3+ 50. Ke1 Qe3+ 51. Kd1 Qd4+ 52. Ke2 Qc4+ 53. Ke1 Kg6 $2 (53... e3 $11) 54. Qb6+ $18 Kf5 $2 (54... Kg7 55. Qh6+ Kg8) 55. Qf2+ $2 (55. Qf6+ $18 Kg4 56. g6 Qxc2 57. g7 Qc1+ 58. Kf2) 55... Ke6 $16 {[#]} 56. Qf6+ (56. Kd1 $142 $1) 56... Kd7 57. g6 ({White should try} 57. Kd2 $16 Qb4+ 58. c3) 57... Qb4+ $2 {[%mdl 8192]} (57... e3 $11 {and Black is okay.}) 58. Ke2 $18 Qc4+ $2 (58... Qc5 59. Kd2 e3+ 60. Kd3 d4 61. Qf7+ (61. Qxd4+ Qxd4+ 62. Kxd4 e2 $11) 61... Kc6 62. Qe6+ Kc7) 59. Kd1 $2 (59. Kd2 $18 {Strongly threatening g7.} e3+ {[%mdl 64] Decoy} 60. Kxe3 Qe4+ 61. Kd2) 59... e3 $16 {[#]} 60. Qf5+ (60. g7 $1 $16 {[%cal Rg7g8]} Qg4+ 61. Ke1) 60... Kd6 $11 {The position is equal.} 61. g7 Qd4+ 62. Qd3 Qg4+ 63. Qe2 Qg1+ 64. Qe1 Qg4+ 65. Kc1 Qxg7 {[%cal Rg7a1]} 66. Qxe3 {Hoping for Qb6+.} Qa1+ $1 67. Kd2 Qxa2 68. Qh6+ (68. Qb6+ {with more complications.} Ke7 69. Qc7+ Ke6 70. Qc6+ Ke7 71. Qg6) 68... Kc5 69. Qxh5 {Qe5 is the strong threat.} Qa5+ 70. Kd1 {Black must now prevent Qh8.} Qa1+ 71. Ke2 Qd4 72. Qg5 {Threatens to win with Qe3.} Qc4+ $1 73. Kd2 {And now Qe7+ would win.} Qd4+ 74. Ke1 Qe4+ 75. Kd2 {White used his chance.  Weighted Error Value: White=1.17/Black=0.69} 1/2-1/2

[Event "Caplin British Online-ch Open 2020"]
[Site "Online"]
[Date "2020.12.23"]
[Round "3.7"]
[White "Grieve, Harry"]
[Black "Toma, Katarzyna"]
[Result "1/2-1/2"]
[WhiteElo "2351"]
[BlackElo "2289"]
[Annotator "TA"]
[PlyCount "109"]
[EventDate "2020.12.21"]
[EventType "swiss"]
[EventCountry "NET"]
[SourceTitle "playchess.com"]
[Source "ChessBase"]
[SourceQuality "1"]

{[%evp 26,109,3,0,8,0,12,0,15,10,52,45,45,37,44,46,48,0,40,41,35,37,35,43,34,33,33,-15,-15,-30,0,0,-8,-64,-67,-143,-129,-218,-203,-220,-204,-195,-192,-218,581,585,566,572,572,564,544,539,567,536,595,589,597,557,538,519,569,0,430,0,491,483,520,506,493,502,614,608,984,955,863,800,1109,1106,29991,575,573,0,29991,0,516,0]} 1. e4 c5 2. Nf3 Nc6 3. d4 cxd4 4. Nxd4 Nf6 5. Nc3 e5 6. Ndb5 d6 7. Bg5 a6 8. Na3 b5 9. Nd5 Be7 10. Bxf6 Bxf6 11. c3 Bg5 12. Nc2 Rb8 {12...Ne7 is setting a new trend.} 13. Be2 O-O 14. Qd3 a5 {B33: Sicilian: Pelikan and Sveshnikov Variations.} 15. Rd1 Be6 16. O-O Qd7 {The position is equal.} 17. Qg3 {[#]} Bd8 $146 ({Predecessor:} 17... f6 18. Na3 Na7 19. h3 g6 20. Bg4 f5 21. Bxf5 gxf5 22. Qxg5+ Kh8 23. exf5 Rxf5 {1-0 (69) Nielsen,P (2455)-Schmittdiel,E (2450) Kecskemet 1992}) 18. Rd2 Kh8 19. Rfd1 g6 20. Nde3 Be7 21. Nd5 Bd8 22. Na3 Na7 23. c4 {Black must now prevent cxb5.} b4 24. Nb5 Nxb5 25. cxb5 f5 26. f4 Bxd5 ({Of course not} 26... fxe4 27. fxe5 Qa7+ 28. Kh1 $11) 27. Rxd5 {[%mdl 64] Double Attack} Bb6+ 28. Kh1 exf4 ({Much worse is} 28... fxe4 $6 29. fxe5 Qg7 30. Rxd6 $16) 29. Qh3 (29. Qh4 $11) 29... Qe7 $15 30. Rxd6 (30. Bf1 $1 $15) 30... Rfd8 ({But not} 30... fxe4 $2 31. Rd7 $18) 31. e5 (31. R6d3 $17) 31... Rxd6 $19 32. Rxd6 Qxe5 {[%mdl 64] Double Attack} 33. Rd7 {[%csl Gd7][%cal Rh3h7]} h5 34. Qh4 {Qg5! is the strong threat.} Re8 $4 {[%mdl 8192] [#]} (34... Rc8 $1 $19 {[%cal Rc8c1]} 35. Qe1 Rc2) 35. Qg5 $1 $18 {[%cal Rg5h6] White threatens Qh6+ and mate.} Qg7 36. Rxg7 Kxg7 37. Bf1 Re4 38. h3 Bf2 39. Qd8 Re1 40. Qd3 Kh6 41. Kh2 h4 42. Qc4 Kg5 43. Qd3 Kh6 $1 44. Qc4 Kg5 45. a3 bxa3 46. bxa3 Be3 47. a4 Bf2 48. g4 hxg3+ 49. Kg2 Re4 50. Qd5 Re3 51. Qd8+ {[%mdl 64] Double Attack} Kh5 52. Qh8+ (52. h4 $142 Re7 53. Qxe7 Kh6 54. Qf8+ Kh7 55. Bc4 f3+ 56. Kxf3 Bd4 57. Bg8+ Kh8 58. Bf7+ {[%mdl 64] Discovered Attack} Kh7 59. Qg8+ {[%mdl 64] Double Attack} Kh6 60. Qxg6#) 52... Kg5 53. Qd8+ (53. h4+ $18 Kg4 54. Qd4) 53... Kh5 {[#]} 54. Qh8+ (54. h4 $142 $1 Re7 55. Qxe7 Kh6 56. Qf8+ Kh7 57. Bc4 f3+ 58. Kxf3 Bd4 59. Bg8+ Kh8 60. Bf7+ {[%mdl 64] Discovered Attack} Kh7 61. Qg8+ {[%mdl 64] Double Attack} Kh6 62. Qxg6#) 54... Kg5 {( -> ...f3+)} 55. Qd8+ $2 {Weighted Error Value: White=0.20/Black=0.23} (55. h4+ $18 Kg4 56. Qd4) 1/2-1/2

[Event "Caplin British Online-ch Open 2020"]
[Site "Online"]
[Date "2020.12.23"]
[Round "3.8"]
[White "Claridge-Hansen, William"]
[Black "Varney, Zoe"]
[Result "1-0"]
[WhiteElo "2290"]
[BlackElo "1917"]
[Annotator "TA"]
[PlyCount "129"]
[EventDate "2020.12.21"]
[EventType "swiss"]
[EventCountry "NET"]
[SourceTitle "playchess.com"]
[Source "ChessBase"]
[SourceQuality "1"]

{[%evp 13,129,0,12,-21,-8,-33,4,-31,-3,8,6,14,38,46,38,31,31,31,39,22,28,30,31,-13,0,0,37,-82,-82,-86,19,19,19,19,19,19,19,19,19,25,24,5,34,29,87,91,217,196,514,472,432,277,289,279,271,277,269,286,361,378,370,375,372,368,355,325,317,242,231,237,257,255,278,277,310,330,343,341,336,330,440,382,505,491,562,562,557,552,6341,6215,6197,6079,5797,5809,5757,5655,5614,5535,5165,4134,29975,29980,29980,29981,29981,29982,29982,29983,29983,29984,29984,29985,29985,29986,29986,29987,29987,29988]} 1. c4 c6 2. Nf3 Nf6 3. e3 d5 4. Nc3 e6 5. b3 Nbd7 6. Qc2 Bd6 7. Bb2 O-O 8. Rg1 {A11: English Opening: 1...c6.} e5 9. cxd5 cxd5 10. Nb5 {The position is equal.} Bb8 11. Rc1 e4 12. Nfd4 Bxh2 13. Rh1 {[#]} Bb8 $146 ({Predecessor:} 13... Ng4 14. Nc7 Rb8 15. Nxd5 Nde5 16. Qc5 Re8 17. g3 Be6 18. Nc7 Qf6 19. Rxh2 Nxh2 20. Nxe8 Rxe8 21. Be2 Nhg4 22. Nxe6 Nd3+ {0-1 (22) Stremavicius,T (2517)-Liang,J (2367) Chesterfield 2020}) 14. Ba3 Re8 15. Nf5 {Threatens to win with Qxc8!} Nb6 16. Nfd6 Bxd6 17. Nxd6 Re6 18. Nf5 Re8 19. Nd6 Re6 20. Qc7 (20. Qc5 $14 {stays ahead.}) 20... Qxc7 $17 21. Rxc7 {[#]} Ne8 ({Better is} 21... Rxd6 $1 $17 22. Bxd6 Ne8 {[%mdl 64] Double Attack}) 22. Nxe8 $11 Rxe8 23. Bb5 Re6 24. f4 a6 25. Be2 $40 {[%mdl 128] White mounts an attack.} Rc6 26. Rxc6 bxc6 27. Kf2 f5 28. Rc1 Bb7 (28... Bd7 $11 {keeps the balance.}) 29. g4 $16 g6 {Black cannot hold the game after this.} (29... a5 $16 {was necessary.}) 30. gxf5 $18 gxf5 $2 (30... Nd7 31. d3 Nf6) 31. Rg1+ Kf7 32. Bh5+ Kf6 33. Bb2+ Ke6 34. Rg7 Nd7 35. Rxh7 a5 36. Bf7+ Kd6 37. Bg6 c5 38. Bxf5 Bc6 39. Rh6+ Kc7 40. Bxd7 Bxd7 {[%mdl 4096] Endgame KRB-KRB} 41. Be5+ Kb7 42. Rd6 Bc6 43. f5 a4 44. f6 axb3 45. axb3 Rf8 46. Kg3 Kb6 47. Kf4 Kb5 48. Kf5 Be8 49. Rxd5 Bf7 50. Rd7 Bxb3 51. Rb7+ Ka4 {[#]} 52. Rxb3 $1 {[%mdl 512]} Kxb3 {KR-KB} 53. Kg6 Kc2 54. Bc3 Rg8+ 55. Kf7 Rg2 56. Ke7 Rxd2 57. Bxd2 {White mates.} Kxd2 {KPP-KPP} 58. f7 c4 59. f8=Q c3 60. Qf2+ Kd1 61. Ke6 c2 62. Ke5 c1=Q 63. Qf1+ Kd2 64. Qxc1+ Kxc1 65. Kxe4 {Weighted Error Value: White=0.16/Black=0.43} 1-0

[Event "Caplin British Online-ch Open 2020"]
[Site "Online"]
[Date "2020.12.23"]
[Round "3.9"]
[White "Tanmay Chopra"]
[Black "Shearsby, Jude"]
[Result "1-0"]
[WhiteElo "2273"]
[BlackElo "1673"]
[Annotator "TA"]
[PlyCount "85"]
[EventDate "2020.12.21"]
[EventType "swiss"]
[EventCountry "NET"]
[SourceTitle "playchess.com"]
[Source "ChessBase"]
[SourceQuality "1"]

{[%evp 15,85,19,25,14,26,16,53,46,50,54,52,48,137,136,164,160,200,181,376,373,360,377,354,352,456,322,325,323,312,306,465,464,475,457,523,513,523,497,530,405,414,408,469,479,447,429,424,422,385,370,471,477,820,816,29992,1278,29984,29985,29985,29985,29993,29991,29991,29992,29992,29993,29996,29997,29997,29998,29998,29999]} 1. d4 Nc6 2. Nf3 d6 3. e4 Nf6 4. Nc3 g6 5. Bb5 a6 6. Bxc6+ bxc6 7. O-O Bg7 8. h3 O-O 9. Bf4 {B00: Queen's Fianchetto Defence, Nimzowitsch Defence.} Rb8 {[#]} 10. Rb1 $146 ({Predecessor:} 10. b3 c5 11. dxc5 Rb4 12. a3 Nxe4 13. axb4 Nxc3 14. Qd3 dxc5 15. Qxd8 Rxd8 16. Rae1 cxb4 17. Bxc7 {½-½ (43) Vavulin,M (2556)-Ponkratov,P (2632) Moscow 2019}) 10... d5 11. Ne5 {White is slightly better.} Bb7 12. exd5 Nxd5 13. Bg3 e6 (13... Nxc3 $14 14. bxc3 Bxe5 15. Bxe5 f6) 14. Na4 f6 15. Nd3 Qe7 16. Re1 Rbd8 $2 (16... Bc8 17. a3 Nb6) 17. Nac5 $18 Bc8 {[#]} 18. Nxe6 $1 {[%mdl 512]} Bxe6 19. Nc5 {[%mdl 64] Double Attack} Rb8 20. Rxe6 Qd8 21. c4 ({Don't take} 21. Rxc6 f5 $18) 21... Ne7 22. Re1 Re8 (22... Rf7 $142 23. Ne6 Qd7 24. Bxc7 Re8) 23. Ne6 {[%mdl 64] Double Attack} Qd7 24. Nxc7 {[%mdl 64] Double Attack} Rec8 25. Nxa6 Ra8 26. Nc5 Qa7 27. a3 Nf5 28. Bh2 Rd8 29. Ne6 Rd7 30. Qb3 Nxd4 31. Nxd4 Rxd4 32. c5+ Kh8 33. Bd6 {Black must now prevent Re7.} Qd7 (33... Bf8 $142 34. Qc3 Rd5) 34. Re7 Qf5 {[#]} 35. Rbe1 (35. Qf7 $142 $1 {[%mdl 512]} Qxb1+ (35... Rg8 36. Re8) 36. Kh2 Qh1+ 37. Kxh1 Rg8 38. Re8 Bf8 39. Rxf8 Rd1+ 40. Kh2 Rh1+ 41. Kxh1 Rxf8 42. Qxf8#) 35... Rf8 36. Re8 {White mates.} Rd2 37. Qe3 Rd3 38. Qe7 h5 39. Rxf8+ Kh7 40. Rf7 Rd2 41. Rxg7+ Kh6 42. Rh7+ Kg5 43. Qe3+ {[%mdl 64] Double Attack. White took control after the opening.  Weighted Error Value: White=0.13/Black=0.96} 1-0

[Event "Caplin British Online-ch Open 2020"]
[Site "Online"]
[Date "2020.12.23"]
[Round "3.10"]
[White "Blackburn, Jonathan L B"]
[Black "Goss, Alex"]
[Result "0-1"]
[WhiteElo "2235"]
[BlackElo "1833"]
[Annotator "TA"]
[PlyCount "78"]
[EventDate "2020.12.21"]
[EventType "swiss"]
[EventCountry "NET"]
[SourceTitle "playchess.com"]
[Source "ChessBase"]
[SourceQuality "1"]

{[%evp 24,78,108,106,99,91,155,155,136,107,145,80,79,85,71,29,32,13,137,-239,-358,-560,-553,-535,-539,-936,-943,-924,-934,-906,-895,-940,-956,-939,-954,-944,-939,-948,-941,-902,-843,-963,-964,-1024,-1026,-1025,-1005,-1143,-1140,-1195,-1193,-1242,-1214,-1287,-1285,-1419,-1393]} 1. d4 Nf6 2. c4 e6 3. Nc3 c5 4. d5 exd5 5. cxd5 d6 6. e4 g6 7. h3 Bg7 8. Nf3 a6 9. a4 O-O 10. Bd3 Re8 11. O-O c4 12. Bc2 Nbd7 13. Be3 Qc7 {A70: Modern Benoni: 6 e4 g6 7 Nf3.} 14. Qe2 Nh5 (14... Rb8 $142) 15. Nd2 $16 Ne5 {White is clearly better.} 16. Rfe1 {[#]} Qe7 $146 ({Predecessor:} 16... Bd7 17. g4 Nf6 18. f4 Nd3 19. Bxd3 cxd3 20. Qxd3 Rac8 21. Bd4 Qa5 22. Bf2 Qb4 {1-0 (39) Landgren,A (2278)-Malmstig,E (2336) Ronneby 2018}) 17. Nxc4 ({White should try} 17. f4 Nd3 18. Bxd3 (18. Nxc4 Nxe1 19. Qxe1 f5 $15) 18... cxd3 19. Qf3 (19. Qxd3 f5 $16)) 17... Nxc4 18. Qxc4 Qh4 19. Bd3 Be5 {[#] Threatens to win with ...Bxh3!} 20. Bf1 g5 (20... Nf4 $11 {keeps the balance.}) 21. g3 $2 {[%mdl 8192] This costs White the game.} (21. Bd4 $16 {keeps the pressure on.}) 21... Nxg3 $1 $19 22. fxg3 (22. Bg2 {might work better.} Bxh3 23. Qd3) 22... Qxg3+ {Black is clearly winning.} 23. Bg2 {intending Bf2.} Bxh3 {[%csl Gh3][%cal Rg3g2]} 24. Qe2 Qh2+ 25. Kf1 {[#]} Qh1+ $1 26. Bg1 Bd4 {[%csl Gd4][%cal Rh1g1]} 27. Qf3 Qxg1+ 28. Ke2 Qxg2+ 29. Qxg2 Bxg2 30. Kd3 Bxc3 31. bxc3 g4 32. Rab1 Re7 33. c4 Rae8 34. e5 dxe5 35. d6 Rd7 36. c5 f5 37. Rb2 Be4+ 38. Kc4 Rc8 39. Rd2 b6 {Weighted Error Value: White=0.97/Black=0.15} 0-1

[Event "Caplin British Online-ch Open 2020"]
[Site "Online"]
[Date "2020.12.23"]
[Round "3.11"]
[White "Cox, Tristan A"]
[Black "Balaji, Aaravamudhan"]
[Result "1-0"]
[WhiteElo "2141"]
[BlackElo "2206"]
[Annotator "TA"]
[PlyCount "149"]
[EventDate "2020.12.21"]
[EventType "swiss"]
[EventCountry "NET"]
[SourceTitle "playchess.com"]
[Source "ChessBase"]
[SourceQuality "1"]

{[%evp 17,149,18,41,33,44,29,39,28,87,97,88,72,65,84,72,70,82,0,0,-87,-84,-89,-83,-120,-133,-126,-128,-125,-123,-113,-82,-108,-104,-165,-147,-126,-105,-102,-112,-114,-119,-127,-113,-156,-50,-36,0,0,85,85,81,79,108,95,114,90,136,128,121,75,83,72,72,72,101,68,103,107,108,108,92,75,118,0,0,0,0,0,15,0,0,0,0,0,0,0,0,0,0,0,0,0,35,35,64,68,380,329,622,656,408,0,0,0,8,8,8,0,0,0,0,0,5514,5833,1713,5937,5604,4964,4614,4614,4610,4598,2520,2252,29968,29960,4971,4964,29981,29982,29985,29986,29993,29994]} 1. d4 Nf6 2. c4 g6 3. f3 Bg7 4. e4 d6 5. Nc3 O-O 6. Nge2 c5 7. d5 e6 8. Ng3 exd5 9. cxd5 h5 10. Bg5 {A65: Modern Benoni: 6 e4.} Qb6 11. Qd2 Nh7 12. Bh4 $1 {White is slightly better. 12.Bh4 is better than 12.Be3.} g5 (12... Nd7 $11 {keeps the balance.}) 13. Bxg5 $16 (13. Na4 $2 Qd8 $19) 13... Nxg5 14. Qxg5 Qxb2 15. Rc1 f6 16. Qe3 f5 $1 {[%cal Rf5f4] [#] Black wants to play ...f4!} 17. exf5 $146 (17. Nxh5 $16 Bd4 18. Qg5+ Kh7 19. Ne2) ({Predecessor:} 17. Nxh5 f4 18. Qd2 Qxd2+ 19. Kxd2 Bd4 20. Rb1 Na6 21. Nb5 Be5 22. Be2 Bd7 23. g3 fxg3 24. hxg3 Bxb5 25. Rxb5 {1-0 (39) Tang,A (2538)-Albornoz Cabrera,C (2573) chess.com INT 2020}) 17... Bxf5 $11 18. Nxf5 (18. Nxh5 $11 {remains equal.} Bd4 19. Qg5+ Kh7 20. Qe7+ Kg8 21. Qg5+ Kh8 22. Qh6+ Kg8 23. Qg5+) 18... Rxf5 $17 19. Ne4 Nd7 $36 {[%mdl 2048] Black is really pushing.} 20. Bd3 Re8 ({Don't take} 20... Qxa2 21. Nxd6 Qa5+ 22. Kf1 $15) (20... Qxg2 21. Rg1 $15) 21. Qd2 Qxd2+ ({Much worse is} 21... Rxd5 $6 22. Qxb2 Bxb2 23. Bc4 $11) 22. Kxd2 Rxd5 23. Ke2 Rd4 24. Bb5 Re7 {Hoping for ...Nb6.} 25. Kf2 (25. Rhd1 $17) 25... Nb6 26. Rhd1 a6 27. Be2 Rxd1 28. Rxd1 Bd4+ 29. Kf1 d5 30. Ng3 Bh8 (30... Nc4 $1 $17 {[%cal Rc4e3] Threatens to win with ...Ne3+.} 31. Bxc4 dxc4 32. Nxh5 c3) 31. Nxh5 $15 c4 32. Nf4 c3 (32... d4 $11) 33. Nxd5 $16 Nxd5 34. Bc4 $1 Rc7 35. Bxd5+ {[%mdl 4096] Endgame KRB-KRB} Kf8 36. Bb3 Bg7 37. g3 b5 38. f4 a5 {[#] aiming for ...c2.} 39. Bc2 $1 Rc4 40. Ke2 Rb4 41. Rd5 Rb2 42. Kd3 a4 43. a3 Bf6 44. g4 Be7 45. Kxc3 ({White should try} 45. g5 $16) 45... Bxa3 $11 46. Bd3 Rb3+ 47. Kc2 Rb2+ 48. Kc3 Rb3+ 49. Kd4 Bb2+ 50. Ke4 a3 51. Rd8+ ({Avoid the trap} 51. Bxb5 $2 a2 $19) (51. Rxb5 $2 Rxb5 52. Bb1 Bc1 $19) 51... Ke7 52. Ra8 Rb4+ 53. Kf5 Bc1 54. Be4 Rd4 (54... Rc4 {feels hotter.} 55. g5 b4 56. Ra7+ Kf8 57. g6 Bb2) 55. g5 Bb2 56. g6 Rd2 $2 {[%mdl 8192]} ({Better is} 56... Rd1 $14) 57. h4 $18 Rh2 $2 (57... b4 58. h5 Rh2) 58. Ra7+ Kd6 {[#]} 59. g7 $2 ({Only move:} 59. Rxa3 $3 $18 {[%mdl 512]} Rxh4 60. Ra6+ Kc7 61. Ra7+ Kd6 62. g7 Bxg7 63. Rxg7) 59... Bxg7 $1 $11 {And now ...a2 would win.} 60. Rxg7 {Strongly threatening Ra7. KRB-KR} a2 61. Ra7 {Black must now prevent Kg5.} b4 62. Kg5 b3 63. h5 Re2 64. Bf5 {h6 is the strong threat.} Re7 $2 {[%mdl 8192]} (64... Re1 $11) 65. Ra6+ $18 Kc5 66. h6 Rf7 67. Bg6 Rf8 68. h7 Kb5 69. Bd3+ Kb4 70. Kg6 Kc3 {[#]} 71. Kg7 $1 Rb8 72. Bg6 Rb6 73. Ra8 {White mates.} Rb7+ 74. Kh6 Rb8 75. Rxb8 {Both players deserved the win here.  Weighted Error Value: White=0.21/Black=0.27} 1-0

[Event "Caplin British Online-ch Open 2020"]
[Site "Online"]
[Date "2020.12.23"]
[Round "3.12"]
[White "Ismail, Mohammed Aayan"]
[Black "Shafi, Declan"]
[Result "1-0"]
[WhiteElo "1719"]
[BlackElo "2166"]
[Annotator "TA"]
[PlyCount "109"]
[EventDate "2020.12.21"]
[EventType "swiss"]
[EventCountry "NET"]
[SourceTitle "playchess.com"]
[Source "ChessBase"]
[SourceQuality "1"]

{[%evp 9,109,-10,60,61,62,63,53,47,51,3,73,66,64,70,87,91,94,87,83,70,74,61,56,59,72,79,132,112,154,82,70,44,38,47,49,47,56,51,65,38,33,37,49,41,60,41,56,37,66,64,64,58,48,48,54,50,61,29,62,56,94,95,112,93,123,114,141,141,139,103,128,96,138,133,324,318,322,323,324,252,393,350,420,405,1498,1439,1459,1453,1241,1143,1207,1062,1869,1512,12788,11061,6461,6461,6003,5261,5077,5077]} 1. Nf3 Nf6 2. g3 g6 3. Bg2 Bg7 4. O-O d5 5. d3 d4 ({Black should try} 5... O-O $11) 6. c3 $14 {A07: Réti Opening: New York and Capablanca Systems.} dxc3 7. Nxc3 O-O {[#]} 8. Bf4 $146 {White is slightly better.} ({Predecessor:} 8. Bg5 c6 9. Qd2 Re8 10. Rac1 e5 11. Rfd1 Bg4 12. h3 Bxf3 13. Bxf3 Nbd7 14. d4 exd4 15. Qxd4 {1-0 (31) Plenkovic,Z (2386)-Halvax,G (2314) Zadar 2014}) 8... c6 9. Qc2 Nbd7 (9... Nd5 $1 $11) 10. Rfd1 Nb6 11. e4 Nh5 12. Be3 e5 13. a4 a5 14. Qb3 Nd7 15. d4 exd4 16. Nxd4 Qe7 17. f4 Re8 ({Black should play} 17... Ndf6) 18. e5 $16 Nc5 {[%cal Bd7c5,Bc5a6,Ba6b4,Bb4d5][%mdl 32] [#]} 19. Qc4 (19. Qa3 $142 $1) 19... Bf8 20. Rd2 Ng7 21. Re1 Nf5 22. Nxf5 $1 Bxf5 23. Rd6 $1 Na6 24. Ne4 Bxe4 25. Bxe4 Qc7 26. Rdd1 Rad8 27. Rc1 Nb4 28. Red1 Rxd1+ 29. Rxd1 Rd8 30. Rxd8 Qxd8 31. e6 Nd5 32. exf7+ Kxf7 33. b3 Bg7 34. f5 gxf5 35. Bxf5 Qe7 36. Bf2 $36 {[%mdl 2048] Keeping Black busy.} h6 37. Qg4 Qg5 38. Qxg5 hxg5 {[%mdl 4096] Endgame KBB-KBN} 39. Kg2 Bc3 40. Kf3 Kf6 41. Bc8 b6 $2 {[#] This costs Black the game.} (41... b5 $16 {was worth a try.} 42. Bd7 bxa4 43. bxa4 Nb4) 42. Bb7 $18 Ne7 43. Bxb6 Ke6 44. Bc5 Ng6 (44... Nf5 $142 45. Bb6 (45. Bxc6 Nd4+ 46. Bxd4 Bxd4 $16) 45... Kd5) 45. Ke4 Ne5 46. h4 g4 (46... Nf7 $142 47. Bxc6 gxh4 48. Bd5+ Kf6 49. gxh4 Ne5) 47. Bc8+ {White is clearly winning.} Kf6 48. Bd4 Bxd4 49. Kxd4 {KB-KN} Nf3+ 50. Kc5 Nd2 51. Kxc6 Nxb3 52. Bxg4 Ke5 53. Kb5 Nd2 54. Kxa5 Ne4 55. Kb6 {Weighted Error Value: White=0.11/Black=0.26} 1-0